000 00470nas a2200169 a 4500
001 000038999
003 DLC
005 20201002031444.0
008 130510c19499999 r1 0 0spa d
040 _aDO-SdBNP
_bspa
_cBNPHU
043 _anwdr
130 0 _aRenacimiento
_939068
245 1 0 _aRenacimiento :
_borgano oficial de la mesoneria ecocesa dminicana.
260 _aCiudad Trujillo,
_c1949.
310 _aTrimestral
362 0 _aAño. 1:no.1 (junio-agosto de 1949)
999 _c38489
_d38489